Normal view
MARC view
- Land, Ken School
Entry Personal Name
001 - CONTROL NUMBER
- control field: 90407
003 - CONTROL NUMBER IDENTIFIER
- control field: NUST
005 - DATE AND TIME OF LATEST TRANSACTION
- control field: 20220307153735.0
008 - FIXED-LENGTH DATA ELEMENTS
- fixed length control field: 220307|| aca||aabn | a|a d
040 ## - CATALOGING SOURCE
- Original cataloging agency: NUST
- Transcribing agency: NUST
100 ## - HEADING--PERSONAL NAME
- Personal name: Land, Ken School
670 ## - SOURCE DATA FOUND
- Source citation: Work cat.: (NUST)530179: Land, Ken School, Awami Falhee Riassat Ki Kahni Bicharay Jo Nathan Ki Zubani /, 2013.
